|
|
|
|
| LEADER |
00885nam a2200241 a 4500 |
| 001 |
c000076071 |
| 003 |
CARM |
| 005 |
19890809000000.0 |
| 008 |
780720s1967 enk 000 0 eng d |
| 019 |
1 |
|
|a 1913767
|z 44429490
|5 LACONCORD2021
|
| 035 |
|
|
|a (OCoLC)10651709
|5 LACONCORD2021
|
| 040 |
|
|
|a ANL
|b eng
|c ANL
|d ANL
|
| 050 |
0 |
0 |
|a PZ3
|b V594Dan
|
| 082 |
0 |
4 |
|a 843.8
|
| 100 |
1 |
|
|a Verne, Jules,
|d 1828-1905.
|
| 245 |
1 |
4 |
|a The Danube pilot /
|c translated from the French by I. O. Evans.
|
| 260 |
|
|
|a London :
|b Arco,
|c 1967.
|
| 300 |
|
|
|a 198 p. ;
|c 21 cm.
|
| 490 |
0 |
|
|a The Fitzroy edition of Jules Verne
|
| 500 |
|
|
|a Translation from Le pilote du Danube.
|
| 852 |
8 |
|
|b CARM
|h A2:AG33A0
|i B02743
|p 0112421
|f BK
|
| 999 |
f |
f |
|i 2b4b92e0-e15b-5857-a91f-e386e1fcd89f
|s 6d2ef9db-4507-5efd-bbcd-0edf3c2d2eeb
|
| 952 |
f |
f |
|p Can circulate
|a CAVAL
|b CAVAL
|c CAVAL
|d CARM 1 Store
|e B02743
|f A2:AG33A0
|h Other scheme
|i book
|m 0112421
|